Fönt
Elmentve itt :
| Szerző: | |
|---|---|
| Dokumentumtípus: | Cikk |
| Megjelent: |
1987-02-14
|
| Sorozat: | Délmagyarország
77 No. 38 |
| Kulcsszavak: | városépítés, városleírás |
| Online Access: | http://dmarchiv.bibl.u-szeged.hu/102228 |
| LEADER | 00438nab a2200157 i 4500 | ||
|---|---|---|---|
| 001 | delm102228 | ||
| 005 | 20190607120052.0 | ||
| 008 | 190607s1987 hu o 0|| hun d | ||
| 040 | |a SZTE Délmagyarország Archívum |b hun | ||
| 041 | |a hun | ||
| 100 | 1 | |a Papp Zoltán | |
| 245 | 1 | 0 | |a Fönt |h [elektronikus dokumentum] / |c Papp Zoltán |
| 260 | |c 1987-02-14 | ||
| 300 | |a 5 | ||
| 490 | 0 | |a Délmagyarország |v 77 No. 38 | |
| 695 | |a városépítés, városleírás | ||